000 00328nam a22001457a 4500
008 230208b ||||| |||| 00| 0 eng d
020 _a9781932628685
041 _aeng
080 _2SECOND EDITION
_a311
082 _a311WAR
100 _a24
101 _aSTATIS
245 _aBEGINNING STATISTICS
_cWARREN
942 _2udc
_cBK
999 _c59345
_d59345